| 000 | 00398cam a22001217a 4500 | ||
|---|---|---|---|
| 008 | 180718b1999 xxu||||| |||| 00| 0 eng d | ||
| 082 | _aPROJ.REP. 1999/SHA | ||
| 100 | _aSharma, Sachin | ||
| 245 |
_aA project report on inventory control system for IIPA _cby Sachin Sharma |
||
| 260 |
_aNew Delhi _bIndian Institute of Public Administration _c1999 |
||
| 300 | _av.p. | ||
| 650 | _aInformation technology | ||
| 999 |
_c489714 _d489714 |
||